| 000 | 00959nam a2200265 i 4500 | ||
|---|---|---|---|
| 001 | 15375 | ||
| 003 | ES-MaACL | ||
| 005 | 20230906151045.0 | ||
| 007 | t| | ||
| 008 | 000218s1999 sp ||||1| spa d | ||
| 020 | _a84-95394-00-6 | ||
| 080 | _a574(460.288) | ||
| 080 | _a581.9(460.288) | ||
| 100 | 1 |
_aAlonso Vargas, Mª Angeles. _920418 |
|
| 245 | 1 | 0 |
_aConservación y biodiversidad de los ecosistemas vegetales de las zonas húmedas salinas de la provincia de Albacete / _cMª Angeles Alonso Vargas. |
| 260 |
_aAlbacete : _bInstituto de Estudios Albacetenses "Don Juan Manuel", _c1999. |
||
| 300 |
_a157 p. : _bil. ; _c22 cm. |
||
| 490 | 1 |
_aSerie I--Estudios ; _v113 |
|
| 650 | 1 | 4 |
_aEcosistemas- _zAlbacete (Provincia) _912043 |
| 650 | 1 | 4 |
_aFlora- _zAlbacete (Provincia) _912899 |
| 710 | 2 |
_aInstituto de Estudios Albacetenses. _94884 |
|
| 830 | 0 |
_aSerie I--Estudios ; _v113 _9179228 |
|
| 852 |
_aES-MaACL _jL-22505 _bR.127921 |
||
| 999 |
_c15375 _d15375 |
||